000
nam a22 7a 4500
999
_c
108
_d
108
005
20170418093406.0
008
170418b2003 at ||||| |||| 00| 0 eng d
020
_a
186468741X
040
_a
AKMAL
082
_a
336.27140994 GST
090
_a
336.27140994
_b
GST
245
_a
GST AUDIT AND COMPLIANCE GUIDE
300
_c
23cm
942
_2
ddc
_c
BOOK